000 00389nam a2200109Ia 4500
008 171204s9999 xx 000 0 und d
245 _aHeroines Of Film And Television: Portrayals In Popular Culture:
245 _cBob Batchelor, Maja Bajac-Carter, Norma Jones, and Suzy D'Enbeau
260 _c2014
650 _xINTRODUCTION TO FILM
856 _uhttp://down.ebook777.com/007/1442231491.pdf
999 _c346084
_d346084